Разработка метода прямого плазмодинамического синтеза диоксида титана; Химия и химическая технология в XXI веке

Detalhes bibliográficos
Parent link:Химия и химическая технология в XXI веке.— 2019.— [С. 90-91]
Autor principal: Нанзанов Д. А.
Autor Corporativo: Национальный исследовательский Томский политехнический университет Инженерная школа энергетики Отделение электроэнергетики и электротехники (ОЭЭ)
Outros Autores: Вымпина Ю. Н. Юлия Николаевна (научный руководитель), Сивков А. А. Александр Анатольевич
Resumo:Заглавие с экрана
Idioma:russo
Publicado em: 2019
Colecção:Химия и химическая технология неорганических веществ и материалов
Assuntos:
Acesso em linha:http://earchive.tpu.ru/handle/11683/55378
Formato: Recurso Electrónico Capítulo de Livro
KOHA link:https://koha.lib.tpu.ru/cgi-bin/koha/opac-detail.pl?biblionumber=629356

MARC

LEADER 00000naa2a2200000 4500
001 629356
005 20240123092951.0
035 |a (RuTPU)RU\TPU\conf\29952 
035 |a RU\TPU\conf\29935 
090 |a 629356 
100 |a 20190617d2019 k y0rusy50 ca 
101 0 |a rus 
102 |a RU 
105 |a y z 101zy 
135 |a drgn ---uucaa 
181 0 |a i  
182 0 |a b 
200 1 |a Разработка метода прямого плазмодинамического синтеза диоксида титана  |f Д. А. Нанзанов, Ю. Н. Вымпина  |g науч. рук. А. А. Сивков 
203 |a Текст  |c электронный 
225 1 |a Химия и химическая технология неорганических веществ и материалов 
300 |a Заглавие с экрана 
320 |a [Библиогр.: с. 91 (5 назв.)] 
463 0 |0 (RuTPU)RU\TPU\conf\29907  |t Химия и химическая технология в XXI веке  |o материалы XX Международной научно-практической конференции имени профессора Л. П. Кулёва студентов и молодых ученых, 20–23 мая 2019 г., г. Томск  |f Национальный исследовательский Томский политехнический университет  |v [С. 90-91]  |d 2019 
610 1 |a электронный ресурс 
610 1 |a труды учёных ТПУ 
610 1 |a плазмодинамический синтез 
610 1 |a диоксид титана 
610 1 |a ультрадисперсные порошки 
610 1 |a электроэрозионная плазма 
610 1 |a ускорители 
700 1 |a Нанзанов  |b Д. А. 
701 1 |a Вымпина  |b Ю. Н.  |c специалист в области электроэнергетики и электротехники  |c инженер Томского политехнического университета  |f 1993-  |g Юлия Николаевна  |3 (RuTPU)RU\TPU\pers\45958  |9 22024 
702 1 |a Сивков  |b А. А.  |c специалист в области электроэнергетики  |c профессор Томского политехнического университета, доктор технических наук  |f 1951-  |g Александр Анатольевич  |4 727 
712 0 2 |a Национальный исследовательский Томский политехнический университет  |b Инженерная школа энергетики  |b Отделение электроэнергетики и электротехники (ОЭЭ)  |3 (RuTPU)RU\TPU\col\23505 
801 2 |a RU  |b 63413507  |c 20200129  |g RCR 
856 4 |u http://earchive.tpu.ru/handle/11683/55378 
942 |c BK